| 000 | 00000nas 2200000za 4500 |
| 001 | 9.854813 |
| 003 | CaOODSP |
| 005 | 20221107155143 |
| 007 | cr ||||||||||| |
| 008 | 180406c20189999xxc|| m o||||f0 |0eng|d |
| 040 | |aCaOODSP|beng |
| 043 | |an-cn--- |
| 086 | 1 |aEn83-10E-PDF |
| 245 | 00|aReport. [Reference methods] |h[electronic resource]. |
| 260 | |aOttawa : |bEnvironment and Climate Change Canada, |c2018- |
| 310 | |aIrregular |
| 500 | |aIssued also in French under title: Rapport [Méthodes de référence]. |
| 530 | |aIssued also in print. |
| 692 | 07|2gccst|aEnvironmental management |
| 692 | 07|2gccst|aMethodology |
| 692 | 07|2gccst|aTesting |
| 710 | 1 |aCanada. |bEnvironment and Climate Change Canada. |bScience and Technology Branch. |
| 775 | 08|tRapport. [Méthodes de référence] |w(CaOODSP)9.854817 |
| 776 | 0#|tReport. [Reference methods] |w(CaOODSP)9.854822 |
| 776 | 0#|tReport. [Reference methods]. |w(CaOODSP)9.878244 |
| 780 | 00|tEnvironmental Protection series. [Reference methods] |w(CaOODSP)9.504905 |